Statistics for Hidden letters #7

Click here to take the quiz!

General Stats

  • This quiz has been taken 59 times
  • The average score is 7 of 8

Answer Stats

HintAnswer% Correct
Capital of EgyptCairo
100%
Most populous city in the USANew York City
96%
Greenland belongs to this countryDenmark
91%
Guided Answer: Enter the first letter in order of every answer so farCAN
89%
Country bordering Pakistan to the westAfghanistan
84%
HIDDEN WORD:CANADA
84%
Smallest continent in worldAustralia
78%
Countr bordering Louisiana to the northArkansas
71%

Score Distribution

Percentile by Number Answered

Percent of People with Each Score

Your Score History

You have not taken this quiz